Traité du vivant / (Record no. 96088)

MARC details
000 -LEADER
fixed length control field 00537cam a2200205 4500
008 - FIXED-LENGTH DATA ELEMENTS--GENERAL INFORMATION
fixed length control field 1982 fre
050 #4 - LIBRARY OF CONGRESS CALL NUMBER
Classification number GN289
Item number R84 1982
100 1# - MAIN ENTRY--PERSONAL NAME
Personal name Ruffie, Jacques
245 #0 - TITLE STATEMENT
Title Traité du vivant /
Statement of responsibility, etc Jacques Ruffie.
260 ## - PUBLICATION, DISTRIBUTION, ETC. (IMPRINT)
Place of publication, distribution, etc France :
Name of publisher, distributor, etc Flammarion,
Date of publication, distribution, etc 1982
300 ## - PHYSICAL DESCRIPTION
Extent V. ;
Dimensions 18 cm.
440 #0 - SERIES STATEMENT/ADDED ENTRY--TITLE
Title Champs ; 169
500 ## - GENERAL NOTE
General note 1 ejem.
505 ## - FORMATTED CONTENTS NOTE
Formatted contents note BFILLa biblioteca tiene solamente el V.2.
650 #4 - SUBJECT ADDED ENTRY--TOPICAL TERM
Topical term or geographic name as entry element Poblacion
650 #4 - SUBJECT ADDED ENTRY--TOPICAL TERM
Topical term or geographic name as entry element Evolucion
942 ## - ADDED ENTRY ELEMENTS (KOHA)
Source of classification or shelving scheme Biblioteca del Cogreso de los Estados Unidos
Koha item type Libro
Holdings
Estado de pérdida Fuente de clasificación Estado del daño No para préstamo Ubicación permanente Ubicación actual Apartado o colección Fecha de adquisición Edición Área del conocimiento Clasificación Código de Barras Date last seen Número de copia Tipo de recurso
  Biblioteca del Cogreso de los Estados Unidos     Biblioteca de la Facultad de Filosofía Biblioteca de la Facultad de Filosofía General 01/07/2016 1a ed. Educación y Humanidades GN289 R84 1982 BFF000017705 01/07/2016 C:1 Libro